|
|
|
|
| LEADER |
01408nam a2200349 a 4500 |
| 001 |
33751 |
| 003 |
BD-DhAAL |
| 005 |
20180916151349.0 |
| 008 |
180916t2014 mdua bf 001 0 eng |
| 999 |
|
|
|c 39154
|d 39154
|
| 010 |
|
|
|a 2013047668
|
| 020 |
|
|
|a 9780759122697 (cloth : alk. paper)
|
| 020 |
|
|
|a 9780759122703 (pbk. : alk. paper)
|
| 020 |
|
|
|z 9780759122710 (electronic)
|
| 040 |
|
|
|a DLC
|c DLC
|d DLC
|d BD-DhAAL
|
| 042 |
|
|
|a pcc
|
| 050 |
0 |
0 |
|a AM151
|b .M34 2014
|
| 082 |
0 |
0 |
|a 069.5
|2 23
|
| 245 |
0 |
0 |
|a Manual of museum exhibitions /
|c edited by Barry Lord and Maria Piacente.
|
| 250 |
|
|
|a Second edition.
|
| 260 |
|
|
|a Lanham, Maryland :
|b Rowman & Littlefield,
|c c2014.
|
| 300 |
|
|
|a xvii, 438 pages :
|b illustrations ;
|c 26 cm
|
| 504 |
|
|
|a Includes bibliographical references (pages 409-420) and index.
|
| 526 |
|
|
|a ARC
|
| 541 |
|
|
|a Trim Education
|e 33751
|
| 650 |
|
0 |
|a Museum exhibits
|v Handbooks, manuals, etc.
|9 28199
|
| 650 |
|
0 |
|a Museum exhibits
|x Planning
|v Handbooks, manuals, etc.
|9 28200
|
| 700 |
1 |
|
|a Lord, Barry,
|d 1939-2017,
|e author,
|e editor of compilation.
|9 28201
|
| 700 |
1 |
|
|a Piacente, Maria,
|e author,
|e editor of compilation.
|9 28202
|
| 852 |
|
|
|a Ayesha Abed Library
|c General Stacks
|
| 942 |
|
|
|2 ddc
|c BK
|
| 952 |
|
|
|0 0
|1 0
|2 ddc
|4 0
|6 069_500000000000000_MAN
|7 0
|9 64347
|a BRACUL
|b BRACUL
|c GEN
|d 2018-09-09
|e Trim Education
|g 7449.00
|l 0
|o 069.5 MAN
|p 3010033751
|r 2018-09-09
|t 1
|v 7449.00
|w 2018-09-09
|y BK
|